000 00656nam a2200289Ia 4500
005 20260324140959.0
008 008 260324s9999 xx 000 0 eng d
020 _a9781351309646
037 _aEBOOK
040 _aCRL
040 _beng
040 _cCRL
041 _2eng
041 _aeng
084 _qCRL
100 _aMichael Brooke
_91206464
245 0 _aLe Play
245 0 _bEngineer and Social Scientist
260 _bTaylor and Francis
260 _c1998
365 _a
365 _b105
856 _uhttp://www.taylorfrancis.com/books/9781351309646
942 _cEBOOK
999 _c1809087
_d1809087